| 000 | 005030000a22001810004500 | ||
|---|---|---|---|
| 003 | MACL | ||
| 005 | 20160221140645.0 | ||
| 008 | 160221b xxu||||| |||| 00| 0 eng d | ||
| 040 |
_aMACL _cMACL |
||
| 041 | _aHindi | ||
| 082 | _a350 | ||
| 100 |
_aइन्द्रजीत कौर _939484 |
||
| 245 | _aलोक प्रशासन | ||
| 260 |
_bसाहित्य भवन _c2000 _aआगरा |
||
| 350 | _a195 | ||
| 650 |
_aPublic Administration _939485 |
||
| 942 |
_cHIN _k350 _2ddc |
||
| 999 |
_c29817 _d29817 |
||